LEADER 00855nam a2200241 a 4500 001 000000137908 003 CaOOAMICUS 005 20140327100700.0 008 140327s1983 it u000 u ita r 040 $aPUL$bita 100 1 $aFantuzzi, Virgilio.$0(OLS)http://pul/name/88972 245 10$aCinema sacro e profano /$cVirgilio Fantuzzi. 260 $aRoma :$bLa Civiltà Cattolica$g1983 300 $a403 p. ;$c21 cm 504 $aBibliografia in nota. 650 4$aCinema$zItalia.$0(OLS)http://pul/subject/16705 850 $aPUL 852 $aPUL$W1$xDP1 Fondo E. Rossi$y115$m7 C 9$j13709$qFondi$B158525$CPULBib$Z2$F158525 $82 941 1 $a1 961 $aDedica autografa dell'A. 996 $6245$aCinema sacro e profano$9(OLS)http://pul/title/174626 996 $6260$aRoma :$bLa Civiltà Cattolica$9(OLS)http://pul/publisher/50881 LEADER 01211nam a2200265 u 4500 001 000000004251 003 CaOOAMICUS 005 20070226104630.0 008 940922s1930 it u000 u ita u 035 $a10112436 040 $aPUL(R)$bita 100 1 $aGentile, Marino,$d1906-1991.$0(OLS)http://pul/name/4220 245 13$aLa dottrina platonica delle idee numeri e Aristotele /$cMarino Gentile. 260 $aPisa :$bTipografia editrice Pacini-Mariotti,$c1930. 300 $a216 p. ;$c24 cm 490 1 $aAnnali della R. Scuola normale superiore di Pisa ;$v30, fasc. 3 500 $aIn testa al titolo: Marino Gentile. 600 04$aAristoteles,$d384-322 a.C.$0(OLS)http://pul/subject/223 830 0$aAnnali della R. Scuola normale superiore di Pisa ;$v30, fasc. 3.$0(OLS)http://pul/title/6155 850 $aPUL 852 $aPUL$W1$xDP1 Fondo Giannini$y60$m1554 B 4$j5975$nBK-PRI$b $qFondi$B5975$CPULBib$Z2$F5975 $H $81 941 1 $a1 961 $aINV: F.GIANNINI, Giorgio. 996 $6245$aLa dottrina platonica delle idee numeri e Aristotele$9(OLS)http://pul/title/6154 996 $6260$aPisa :$bTipografia editrice Pacini-Mariotti$9(OLS)http://pul/publisher/50329